Conservation of historic buildings.
Sábháilte in:
| Príomhchruthaitheoir: | |
|---|---|
| Formáid: | LEABHAR |
| Foilsithe / Cruthaithe: |
Oxford, United Kingdom:
Architectural Press; Elsevier,
2003.
|
| Eagrán: | Third edition. |
| Ábhair: | |
| Clibeanna: |
Cuir clib leis
Níl clibeanna ann, Bí ar an gcéad duine le clib a chur leis an taifead seo!
|
MARC
| LEADER | 00000nam a22000007a 4500 | ||
|---|---|---|---|
| 003 | CL-VaPUC | ||
| 005 | 20220824124923.0 | ||
| 008 | 220630b2003 ||||| |||| 00| 0 eng d | ||
| 999 | |c 436529 |d 436527 | ||
| 020 | |a 0750658630 | ||
| 040 | |c Pontificia Universidad Católica de Valparaíso | ||
| 082 | 0 | 4 | |2 22 |a 363.69 FEI 2003 |
| 100 | 1 | |a Feilden, Bernard M . |e author |9 871823 | |
| 245 | 1 | 0 | |a Conservation of historic buildings. |
| 250 | |a Third edition. | ||
| 260 | |a Oxford, United Kingdom: |b Architectural Press; |b Elsevier, |c 2003. | ||
| 300 | |a 388 páginas; ilustraciones. | ||
| 500 | |a c.1 Donación Arquitecto Santiago Flores. Memo ARQ 09/2022. 03/06/2022. | ||
| 583 | |c 20220630 |k Catalogador Asistente | ||
| 650 | 1 | |a Edificios históricos |x Conservación y restauración |9 874299 | |
| 650 | 1 | |a Preservación de edificios |x Arquitectura histórica |9 874305 | |
| 650 | 1 | |a Monumentos históricos |x Conservación y restauración |9 874300 | |
| 650 | 1 | |a Arquitectura histórica |x Conservación y restauración |9 874301 | |
| 942 | |2 ddc |c BK | ||
| 952 | |0 0 |1 0 |2 ddc |4 0 |6 363_690000000000000_FEI_2003 |7 0 |8 A |9 584206 |a BIBARQ |b BIBARQ |c GEN |d 2022-06-30 |e Donación |i 5652366 |l 1 |o 363.69 FEI 2003 |p 5652366 |r 2025-01-20 |s 2023-11-14 |t 1 |w 2022-06-30 |y BK |k ARQ | ||